[Event "Stay Safe Play From Home 262"]
[Site "Emanuel Lasker Arena"]
[Date "2020.06.29"]
[Round "9"]
[White "Bardellosport"]
[Black "Lazieri3"]
[Result "0-1"]
[WhiteElo "2022"]
[BlackElo "2079"]
[Annotator "TA"]
[PlyCount "36"]
[EventDate "2020.06.29"]
[EventType "swiss (blitz)"]

{[%evp 9,36,31,49,35,60,-11,18,-2,55,2,18,-9,-7,-145,6,-3,-2,-216,-218,-391,-325,-357,0,0,-13,-407,-403,-395,-402]} 1. d3 c6 2. g3 d5 3. Bg2 Nf6 4. Nd2 Bf5 5. e4 dxe4 6. dxe4 {A00: Irregular Openings.} Bg6 {[#]} 7. c3 $146 (7. Qe2 $1 $14) ({Predecessor:} 7. Qe2 e5 8. Ngf3 Nbd7 9. O-O Bc5 10. b3 Qe7 11. a4 O-O 12. Bb2 Rfe8 13. Nh4 {½-½ (23) Kabanov,N (2517)-Pridorozhni,A (2528) Tiumen 2009}) 7... e6 8. Qe2 {The position is equal.} Bc5 (8... Nbd7 $11) 9. f4 (9. Ngf3 $14) 9... O-O 10. Ngf3 Nbd7 11. Nb3 (11. Nh4 $11) 11... Bb6 $2 {[#]} ({Much worse is} 11... Nxe4 $6 12. Nh4 $15) (11... Bxe4 $17 {And now ...Re8 would win.} 12. Be3 Bxe3 13. Qxe3 {[#]} e5 $1 {[%mdl 512]}) 12. e5 $1 $11 {[%cal Re5f6]} Ng4 $36 {[%mdl 2048] next ...Nf2 is good for Black. Black is pushing.} 13. h3 $2 (13. Rf1 $11 {and White stays safe.}) 13... Nf2 $19 14. Rf1 $2 (14. Be3 Nxh1 15. Bxh1) 14... Ne4 15. Be3 Nec5 $2 (15... Nxg3 $19 16. Bxb6 axb6) 16. Nxc5 $11 Nxc5 17. Rd1 $2 {[%mdl 8192]} (17. Bxc5 $11 Bxc5 18. Rd1) 17... Nd3+ $19 18. Rxd3 Bxd3 {Accuracy: White = 32%, Black = 64%.} ({Weaker is} 18... Qxd3 19. Bxb6 axb6 20. a3 $19) 0-1

[Event "Stay Safe Play From Home 262"]
[Site "Emanuel Lasker Arena"]
[Date "2020.06.29"]
[Round "9"]
[White "Edmatuag"]
[Black "Tolka"]
[Result "0-1"]
[WhiteElo "1701"]
[BlackElo "2288"]
[Annotator "TA"]
[PlyCount "72"]
[EventDate "2020.06.29"]
[EventType "swiss (blitz)"]

{[%evp 10,72,0,-22,58,-12,-14,-45,-59,-60,0,-6,-11,-37,-18,-20,7,-27,-24,-10,19,33,26,-72,0,-68,-67,-117,0,0,0,-121,-123,-179,-158,-166,-157,-214,-206,-210,-138,-189,-165,-159,-174,-390,-385,-383,-380,-433,-431,-425,-416,-1527,-1505,-1431,-1426,-1974,-1939,-29984,-29975,-29980,-29981,-29979,-11417]} 1. e4 e6 2. Nf3 d5 3. e5 c5 4. d4 Nc6 5. c3 Qb6 6. Qb3 c4 {C02: French: Advance Variation.} (6... Qxb3 $11 7. axb3 cxd4) 7. Qxb6 (7. Qc2 $14) 7... axb6 $11 8. Nbd2 b5 {Black is slightly better.} 9. b4 {[#]} cxb3 $146 (9... f6 $15) ({Predecessor:} 9... Bd7 10. Be2 Nge7 11. Bd1 Nb8 12. Nh4 Nc8 13. f4 Nb6 14. Nf1 Be7 15. Nf3 Na4 {0-1 (35) Hitzelberger,M-Kujawa,W (1836) Berlin 2011}) 10. Nxb3 b4 11. cxb4 Bxb4+ (11... Nxb4 $5 {[%cal Rb4c2]} 12. Bb5+ Bd7 13. Bxd7+ Kxd7 $11) 12. Bd2 Nge7 13. Bxb4 Nxb4 14. Kd2 Rxa2+ 15. Rxa2 Nxa2 16. Kc2 {[#]} (16. Bb5+ $11 Bd7 17. Bxd7+ Kxd7 18. Ra1) 16... Bd7 (16... b6 $1 $17) 17. Kb2 (17. Nc5 $11 Nc6 18. Kd2) 17... Nb4 $15 18. Ka3 Nc2+ 19. Kb2 Nb4 $36 {[%mdl 2048] Black is pushing.} 20. Ka3 $1 {[%cal Ra3b4]} Nec6 {White is on the road to losing.} 21. Nc5 (21. Be2 $17) 21... Ke7 22. Kb3 Ra8 23. Nxd7 (23. Rg1 $17) 23... Kxd7 $19 24. Bb5 Kc7 25. Rc1 (25. Ng5 $17) 25... Kb6 26. Bxc6 Nxc6 {[%mdl 4096] Endgame KRN-KRN} 27. Ng5 $2 {[#]} (27. h4) 27... Nxd4+ 28. Kb4 Nc6+ 29. Kb3 Nxe5 30. f4 Nd3 31. Nxf7 (31. Rb1 $142 Nxf4 32. Nxf7) 31... Nxc1+ 32. Kc2 Ne2 33. Ng5 Nxf4 34. Nxh7 Rc8+ {Black mates.} 35. Kd2 Rh8 36. Ng5 Rxh2 {Accuracy: White = 33%, Black = 66%.} 0-1

[Event "Stay Safe Play From Home 262"]
[Site "Emanuel Lasker Arena"]
[Date "2020.06.29"]
[Round "9"]
[White "Klasman"]
[Black "Trotsky"]
[Result "0-1"]
[WhiteElo "1278"]
[BlackElo "1607"]
[Annotator "NA RC"]
[PlyCount "56"]
[EventDate "2020.06.29"]
[EventType "swiss (blitz)"]

1. f4 {[%emt 0:00:02]} d5 {[%emt 0:00:01]} 2. Nf3 {[%emt 0:00:01]} c5 {[%emt 0:00:01]} 3. e3 {[%emt 0:00:01]} Nc6 {[%emt 0:00:01]} 4. c4 {[%emt 0:00:01]} e6 {[%emt 0:00:00]} 5. Nc3 {[%emt 0:00:02]} a6 {[%emt 0:00:02]} 6. d4 {[%emt 0:00:04]} Nf6 {[%emt 0:00:02]} 7. Bd2 {[%emt 0:00:01]} Qc7 {[%emt 0:00:03]} 8. Bd3 {[%emt 0:00:02]} Bd7 {[%emt 0:00:02]} 9. O-O {[%emt 0:00:01]} O-O-O {[%emt 0:00:01]} 10. a3 {[%emt 0:00:02]} h5 {[%emt 0:00:01]} 11. dxc5 {[%emt 0:00:02]} g5 {[%emt 0:00:01]} 12. fxg5 {[%emt 0:00:03]} Ng4 {[%emt 0:00:01]} 13. h3 {[%emt 0:00:02]} Bxc5 {[%emt 0:00:02]} 14. hxg4 {[%emt 0:00:07]} hxg4 {[%emt 0:00:01]} 15. Nd4 {[%emt 0:00:02]} Qh2+ {[%emt 0:00:02]} 16. Kf2 {[%emt 0:00:01]} Ne5 {[%emt 0:00:01]} 17. cxd5 {[%emt 0:00:02]} Nxd3+ {[%emt 0:00:06]} 18. Ke2 {[%emt 0:00:05]} Qxg2+ {[%emt 0:00:02]} 19. Kxd3 {[%emt 0:00:01]} e5 {[%emt 0:00:03]} 20. Nde2 {[%emt 0:00:02]} e4+ {[%emt 0:00:04]} 21. Nxe4 {[%emt 0:00:02]} Bf5 {[%emt 0:00:03]} 22. Rc1 {[%emt 0:00:02]} Qxe4+ {[%emt 0:00:02]} 23. Kc3 {[%emt 0:00:03]} Kb8 {[%emt 0:00:03]} 24. Kb3 {[%emt 0:00:02]} Qd3+ {[%emt 0:00:01]} 25. Nc3 {[%emt 0:00:02]} Rd6 {[%emt 0:00:03]} 26. Qc2 {[%emt 0:00:02]} Rb6+ {[%emt 0:00:01]} 27. Ka2 {[%emt 0:00:02]} Qc4+ {[%emt 0:00:02]} 28. Ka1 {[%emt 0:00:02]} Bxc2 {[%emt 0:00:01] Time (Lag: Av=0.28s, max=0.6s) .} 0-1

[Event "Stay Safe Play From Home 262"]
[Site "Emanuel Lasker Arena"]
[Date "2020.06.29"]
[Round "9"]
[White "Mandy"]
[Black "Haris kollari 13"]
[Result "0-1"]
[WhiteElo "950"]
[BlackElo "1767"]
[Annotator "NA"]
[PlyCount "36"]
[EventDate "2020.06.29"]
[EventType "swiss (blitz)"]

1. d4 {[%emt 0:00:03]} e6 {[%emt 0:00:00]} 2. Bf4 {[%emt 0:00:01]} d5 {[%emt 0:00:00]} 3. e3 {[%emt 0:00:01]} c5 {[%emt 0:00:01]} 4. c3 {[%emt 0:00:02]} Nc6 {[%emt 0:00:01]} 5. Nd2 {[%emt 0:00:01]} f5 {[%emt 0:00:01]} 6. Ngf3 {[%emt 0:00:01]} Nf6 {[%emt 0:00:01]} 7. h3 {[%emt 0:00:01]} c4 {[%emt 0:00:01]} 8. Qc2 {[%emt 0:00:05]} Bd6 {[%emt 0:00:01]} 9. Ne5 {[%emt 0:00:04]} Bxe5 {[%emt 0:00:02]} 10. Bxe5 {[%emt 0:00:07]} Nxe5 {[%emt 0:00:02]} 11. dxe5 {[%emt 0:00:03]} Nd7 {[%emt 0:00:01]} 12. Nf3 {[%emt 0:00:04]} Qc7 {[%emt 0:00:03]} 13. Be2 {[%emt 0:00:02]} Nxe5 {[%emt 0:00:01]} 14. Nxe5 {[%emt 0:00:03]} Qxe5 {[%emt 0:00:01]} 15. Bh5+ {[%emt 0:00:11]} g6 {[%emt 0:00:01]} 16. Be2 {[%emt 0:00:04]} O-O {[%emt 0:00:01]} 17. O-O {[%emt 0:00:02]} Bd7 {[%emt 0:00:01]} 18. f4 {[%emt 0:00:03]} Qxe3+ {[%emt 0:00:02] Zeit (Lag: Av=0.44s, max=0.7s)} 0-1